00625nam a22002177a 450000500170000001000130001702000220003003500130005203700160006504000120008108200160009324500660010924600060017526000380018127000430021930000280026250000510029065000190034165000230036070000240038320170124110242.0 aB-160379 c00.00a8185026688 aB-160379 bCen Lib/Ret aDPLbEN a954.61bNEP aNepal, old images, new insights /cedited by Pratapaditya Pal b  aMumbai bMarg Publications c2004 bMumbai a24, Homi mody street e400001 a148p. :c30cm(Hb)bill. aIncludes bibliographical references and index  a Art, Nepali.  aSculpture, Nepali. aPal, Pratapaditya